[Event "11. Villa de Coria del Rio"]
[Site "Coria del Río ESP"]
[Date "2005.02.10"]
[Round "1"]
[White "Barria, Daniel"]
[Black "Pallares, Salvador"]
[Result "1/2-1/2"]
[WhiteElo "2349"]
[BlackElo "1579"]
[PlyCount "180"]
[EventDate "2005.02.07"]
[EventType "swiss"]
[EventRounds "9"]
[EventCountry "ESP"]
[Source "lmi"]
[SourceDate "2005.02.18"]

1. e4 e5 2. Nf3 Nc6 3. Bb5 a6 4. Ba4 Nf6 5. O-O Be7 6. Re1 b5 7. Bb3 d6 8. c3
O-O 9. h3 Na5 10. Bc2 c5 11. d4 Qc7 12. Nbd2 Bd7 13. d5 c4 14. Nf1 Nb7 15. Ng3
Rfe8 16. Be3 Nc5 17. Qd2 Bc8 18. Rad1 a5 19. Nxe5 dxe5 20. d6 Bxd6 21. Qxd6
Qxd6 22. Rxd6 Ncd7 23. Red1 Ra6 24. R6d2 g6 25. f3 Kg7 26. Nf1 Nf8 27. Bf2 Ne6
28. Ne3 a4 29. Nd5 Nxd5 30. Rxd5 Nc7 31. Rd6 Rxd6 32. Rxd6 Re6 33. Rd8 Re8 34.
Rd6 Re6 35. Rd2 Re7 36. Bc5 Re6 37. Kf2 f6 38. Ke3 Rc6 39. Ba3 g5 40. Bd6 Ne6
41. g3 Kf7 42. Bb4 Ke8 43. b3 axb3 44. axb3 Ra6 45. bxc4 bxc4 46. Bd1 Nd8 47.
Be2 Be6 48. f4 Nc6 49. Bd6 gxf4+ 50. gxf4 exf4+ 51. Kxf4 Ra5 52. Bc7 Ra7 53.
Rd6 Rxc7 54. Rxe6+ Kf7 55. Bxc4 Kg6 56. Bd5 Ne5 57. Re8 Rxc3 58. Rg8+ Kh6 59.
Kf5 Rf3+ 60. Ke6 Ng6 61. h4 Rf4 62. h5 Kxh5 63. Rg7 h6 64. Kd6 Ne5 65. Rg1 Rg4
66. Rf1 Rg6 67. Ke7 Kg5 68. Rf5+ Kg4 69. Be6 Kg3 70. Rh5 Ng4 71. Kf7 Rg5 72.
Rxg5 hxg5 73. Bxg4 Kxg4 74. Kxf6 Kf4 75. e5 g4 76. e6 g3 77. e7 g2 78. e8=Q
g1=Q 79. Qe5+ Kf3 80. Qd5+ Ke2 81. Qb5+ Kf2 82. Qc5+ Kg2 83. Qd5+ Kf2 84. Qd2+
Kf3 85. Qd5+ Kf2 86. Qd4+ Kg2 87. Qe4+ Kf2 88. Qd4+ Kg2 89. Qe4+ Kf2 90. Kf5
Qg3 1/2-1/2

[Event "11. Villa de Coria del Rio"]
[Site "Coria del Río ESP"]
[Date "2005.02.10"]
[Round "1"]
[White "Campora, Daniel H"]
[Black "Alanis Honrado, Sergio"]
[Result "1-0"]
[WhiteElo "2529"]
[BlackElo "1755"]
[PlyCount "64"]
[EventDate "2005.02.07"]
[EventType "swiss"]
[EventRounds "9"]
[EventCountry "ESP"]
[Source "lmi"]
[SourceDate "2005.02.18"]

1. e4 d6 2. d4 Nf6 3. Nc3 g6 4. Bg5 Nbd7 5. f4 c6 6. e5 dxe5 7. dxe5 Nh5 8. e6
fxe6 9. Nf3 Qb6 10. Qd2 Bg7 11. O-O-O Ndf6 12. Ne5 Nd5 13. g4 Nhf6 14. Bd3 Bd7
15. Rhe1 Rd8 16. Na4 Qb4 17. Qxb4 Nxb4 18. a3 Nxd3+ 19. Rxd3 Bc8 20. Rxd8+ Kxd8
21. Nf7+ Ke8 22. Nxh8 Bxh8 23. h3 b5 24. Nc3 Kf7 25. Bxf6 exf6 26. Ne4 Ke7 27.
g5 f5 28. Nd2 Ba6 29. c3 Bg7 30. Kc2 c5 31. b4 c4 32. a4 h5 1-0

[Event "11. Villa de Coria del Rio"]
[Site "Coria del Río ESP"]
[Date "2005.02.10"]
[Round "1"]
[White "Valero Borrego, Manuel"]
[Black "Matamoros Franco, Carlos S"]
[Result "0-1"]
[WhiteElo "1733"]
[BlackElo "2522"]
[PlyCount "44"]
[EventDate "2005.02.07"]
[EventType "swiss"]
[EventRounds "9"]
[EventCountry "ESP"]
[Source "lmi"]
[SourceDate "2005.02.18"]

1. e4 e6 2. d4 d5 3. e5 c5 4. dxc5 Nc6 5. Nf3 Bxc5 6. c3 f6 7. exf6 Nxf6 8. Bg5
Bxf2+ 9. Kxf2 Ne4+ 10. Ke1 Nxg5 11. Nbd2 O-O 12. Nxg5 Qxg5 13. Nf3 Qd8 14. Be2
e5 15. Nd2 Be6 16. Qa4 e4 17. Nf1 Qb6 18. Ng3 Qxb2 19. Qb3 Qxa1+ 20. Kd2 e3+
21. Kxe3 Qxh1 22. Nxh1 d4+ 0-1

[Event "11. Villa de Coria del Rio"]
[Site "Coria del Río ESP"]
[Date "2005.02.10"]
[Round "1"]
[White "Komljenovic, Davor"]
[Black "Viejo Sanchez, Rafael Jesus"]
[Result "1-0"]
[WhiteElo "2492"]
[BlackElo "1350"]
[PlyCount "41"]
[EventDate "2005.02.07"]
[EventType "swiss"]
[EventRounds "9"]
[EventCountry "ESP"]
[Source "lmi"]
[SourceDate "2005.02.18"]

1. d4 d5 2. c4 dxc4 3. e4 Nc6 4. Be3 Nf6 5. f3 a5 6. Bxc4 h5 7. Nc3 Be6 8. Bxe6
fxe6 9. Nge2 h4 10. Qb3 Kf7 11. O-O a4 12. Nxa4 b5 13. Nc5 Ra4 14. Qxe6+ Kg6
15. Nxa4 bxa4 16. Qxc6 h3 17. gxh3 Rxh3 18. Nf4+ Kh7 19. Nxh3 Qd6 20. Qc2 g5
21. e5+ 1-0

[Event "11. Villa de Coria del Rio"]
[Site "Coria del Río ESP"]
[Date "2005.02.10"]
[Round "1"]
[White "Teran Alvarez, Ismael"]
[Black "Luque Canalejo, Francisco"]
[Result "1-0"]
[WhiteElo "2422"]
[BlackElo "1350"]
[PlyCount "30"]
[EventDate "2005.02.07"]
[EventType "swiss"]
[EventRounds "9"]
[EventCountry "ESP"]
[Source "lmi"]
[SourceDate "2005.02.18"]

1. e4 e5 2. Nf3 Nc6 3. Nc3 Nf6 4. Bb5 Bb4 5. O-O O-O 6. d3 b6 7. Bxc6 dxc6 8.
Nxe5 Be6 9. Nxc6 Qe8 10. Nxb4 Rd8 11. Bg5 c6 12. e5 a6 13. exf6 gxf6 14. Bxf6
Rc8 15. Re1 Rc7 1-0

[Event "11. Villa de Coria del Rio"]
[Site "Coria del Río ESP"]
[Date "2005.02.10"]
[Round "1"]
[White "Santana Pichardo, Virginio"]
[Black "Belezky, Sasha"]
[Result "0-1"]
[WhiteElo "1676"]
[BlackElo "2399"]
[PlyCount "22"]
[EventDate "2005.02.07"]
[EventType "swiss"]
[EventRounds "9"]
[EventCountry "ESP"]
[Source "lmi"]
[SourceDate "2005.02.18"]

1. e4 d5 2. exd5 Nf6 3. Nf3 Bg4 4. Be2 Qxd5 5. d4 Nc6 6. c3 O-O-O 7. Nbd2 e6 8.
Bc4 Qa5 9. O-O Bd6 10. h4 e5 11. Be2 e4 0-1

[Event "11. Villa de Coria del Rio"]
[Site "Coria del Río ESP"]
[Date "2005.02.10"]
[Round "1"]
[White "Guerra Pendon, Miguel"]
[Black "Ivanov, Jordan"]
[Result "0-1"]
[WhiteElo "1637"]
[BlackElo "2354"]
[PlyCount "34"]
[EventDate "2005.02.07"]
[EventType "swiss"]
[EventRounds "9"]
[EventCountry "ESP"]
[Source "lmi"]
[SourceDate "2005.02.18"]

1. e4 c5 2. Nf3 e6 3. Nc3 Nc6 4. Bb5 Nd4 5. Nxd4 cxd4 6. Ne2 Qg5 7. Nxd4 Qc5 8.
c3 e5 9. b4 Qb6 10. Nf5 Qxb5 11. d4 d5 12. dxe5 dxe4 13. Nd6+ Bxd6 14. Qxd6 Be6
15. Be3 Rd8 16. a4 Qc4 17. Qc5 Ne7 0-1

[Event "11. Villa de Coria del Rio"]
[Site "Coria del Río ESP"]
[Date "2005.02.11"]
[Round "2"]
[White "Fernandez Quintero, Jose A"]
[Black "Korneev, Oleg"]
[Result "0-1"]
[WhiteElo "2024"]
[BlackElo "2602"]
[PlyCount "82"]
[EventDate "2005.02.07"]
[EventType "swiss"]
[EventRounds "9"]
[EventCountry "ESP"]
[Source "lmi"]
[SourceDate "2005.02.18"]

1. Nf3 d5 2. e3 Nf6 3. b3 Bg4 4. h3 Bxf3 5. Qxf3 e5 6. Bb2 Bd6 7. c4 Nc6 8. a3
d4 9. e4 O-O 10. d3 Nd7 11. Nd2 a5 12. Be2 Nc5 13. O-O Be7 14. Bc1 Bg5 15. Rb1
Ne7 16. Qg4 Ng6 17. g3 Ra6 18. Rd1 Bh6 19. Nf3 Bxc1 20. Rdxc1 Rf6 21. Bf1 Qd6
22. Ne1 Ne7 23. Qd1 Qd7 24. Nf3 Ng6 25. Nh2 Ra6 26. Qd2 a4 27. bxa4 Rxa4 28.
Rb5 b6 29. Ra1 Rfa8 30. Qb2 R4a6 31. Nf3 f6 32. Kg2 Na4 33. Qb3 Nc3 34. c5+ Qf7
35. Qxf7+ Kxf7 36. Rb3 bxc5 37. Rb7 R6a7 38. Rb3 Nf8 39. Ng1 Nd7 40. Ne2 c4 41.
dxc4 Nc5 0-1

[Event "11. Villa de Coria del Rio"]
[Site "Coria del Río ESP"]
[Date "2005.02.11"]
[Round "2"]
[White "Cheparinov, Ivan"]
[Black "Vela Ignacio, Jose M"]
[Result "1-0"]
[WhiteElo "2572"]
[BlackElo "2008"]
[PlyCount "57"]
[EventDate "2005.02.07"]
[EventType "swiss"]
[EventRounds "9"]
[EventCountry "ESP"]
[Source "lmi"]
[SourceDate "2005.02.18"]

1. e4 c5 2. Nf3 Nc6 3. d4 cxd4 4. Nxd4 Nf6 5. Nc3 e5 6. Ndb5 d6 7. Bg5 a6 8.
Na3 b5 9. Bxf6 gxf6 10. Nd5 f5 11. Bd3 Be6 12. c3 Bg7 13. Nxb5 axb5 14. Bxb5
Bd7 15. exf5 O-O 16. O-O Kh8 17. a4 Rb8 18. Qf3 Qg5 19. Rfd1 Rg8 20. Ne3 Rxb5
21. axb5 Ne7 22. Rxd6 Bxf5 23. h4 e4 24. Qxe4 Bxe4 25. hxg5 Nf5 26. Nxf5 Bxf5
27. b6 Be6 28. b7 Be5 29. Rb6 1-0

[Event "11. Villa de Coria del Rio"]
[Site "Coria del Río ESP"]
[Date "2005.02.11"]
[Round "2"]
[White "Dominguez Corrales, Jose Felix"]
[Black "Campora, Daniel H"]
[Result "0-1"]
[WhiteElo "1955"]
[BlackElo "2529"]
[PlyCount "62"]
[EventDate "2005.02.07"]
[EventType "swiss"]
[EventRounds "9"]
[EventCountry "ESP"]
[Source "lmi"]
[SourceDate "2005.02.18"]

1. d4 Nf6 2. Nf3 e6 3. c4 c5 4. d5 b5 5. cxb5 Nxd5 6. e4 Nb6 7. a4 a6 8. Be2 d5
9. O-O Be7 10. Qc2 N8d7 11. Rd1 O-O 12. Nbd2 Bb7 13. exd5 exd5 14. Nf1 Re8 15.
Ne3 g6 16. Ng4 h5 17. Nge5 Nxe5 18. Nxe5 Bd6 19. Nf3 Qe7 20. Bf1 d4 21. Bg5 Qc7
22. Rac1 Bxf3 23. gxf3 Bxh2+ 24. Kg2 Rac8 25. Bd3 Bf4 26. Bxf4 Qxf4 27. Be4 Re5
28. Rg1 c4 29. Kf1 d3 30. Qd1 Kg7 31. Rc3 Nd5 0-1

[Event "11. Villa de Coria del Rio"]
[Site "Coria del Río ESP"]
[Date "2005.02.11"]
[Round "2"]
[White "Matamoros Franco, Carlos S"]
[Black "Caballero Garcia, Lucas"]
[Result "1-0"]
[WhiteElo "2522"]
[BlackElo "1949"]
[PlyCount "43"]
[EventDate "2005.02.07"]
[EventType "swiss"]
[EventRounds "9"]
[EventCountry "ESP"]
[Source "lmi"]
[SourceDate "2005.02.18"]

1. d4 Nf6 2. c4 g6 3. Nc3 Bg7 4. e4 d6 5. Bd3 O-O 6. Nge2 e5 7. d5 Nbd7 8. f3
Nc5 9. Bc2 a5 10. Be3 Ne8 11. Qd2 f5 12. exf5 gxf5 13. O-O-O Nf6 14. a4 f4 15.
Bf2 Nh5 16. Bxc5 dxc5 17. Ne4 b6 18. d6 Bf5 19. Qd5+ Kh8 20. Ng5 Bxc2 21. Kxc2
Qd7 22. dxc7 1-0

[Event "11. Villa de Coria del Rio"]
[Site "Coria del Río ESP"]
[Date "2005.02.11"]
[Round "2"]
[White "Ballesteros Borondo, Victor"]
[Black "Teran Alvarez, Ismael"]
[Result "0-1"]
[WhiteElo "1896"]
[BlackElo "2422"]
[PlyCount "38"]
[EventDate "2005.02.07"]
[EventType "swiss"]
[EventRounds "9"]
[EventCountry "ESP"]
[Source "lmi"]
[SourceDate "2005.02.18"]

1. e4 d6 2. d4 Nf6 3. Nc3 c6 4. f4 Qa5 5. Bd3 e5 6. fxe5 dxe5 7. dxe5 Ng4 8.
Nf3 Bc5 9. Qe2 Bf2+ 10. Kf1 Bb6 11. Bf4 Nd7 12. e6 fxe6 13. Ng5 Nde5 14. h3 O-O
15. g3 Nxd3 16. cxd3 Qxg5 17. Ke1 Rxf4 18. gxf4 Qh4+ 19. Kd2 Nf2 0-1

[Event "11. Villa de Coria del Rio"]
[Site "Coria del Río ESP"]
[Date "2005.02.11"]
[Round "2"]
[White "Belezky, Sasha"]
[Black "Portalo Ordonez, Luis"]
[Result "1-0"]
[WhiteElo "2399"]
[BlackElo "1860"]
[PlyCount "103"]
[EventDate "2005.02.07"]
[EventType "swiss"]
[EventRounds "9"]
[EventCountry "ESP"]
[Source "lmi"]
[SourceDate "2005.02.18"]

1. g4 g6 2. Bg2 Bg7 3. d3 d5 4. h3 e6 5. Nf3 Nd7 6. c3 b6 7. a4 a5 8. Na3 Bb7
9. Bd2 Ne7 10. Rb1 Rb8 11. Qc2 Nc8 12. O-O Nd6 13. b4 c5 14. bxa5 bxa5 15. Nb5
Nxb5 16. axb5 Nb6 17. Bf4 Rc8 18. Ra1 a4 19. Ra3 d4 20. c4 O-O 21. Rfa1 h6 22.
Bd2 Ra8 23. Qc1 Kh7 24. Qe1 Qd6 25. Ng5+ hxg5 26. Bxb7 Ra7 27. Bc6 f5 28. Bxg5
Be5 29. Kg2 Bf4 30. Bxf4 Qxf4 31. Bf3 Raf7 32. Qc1 fxg4 33. hxg4 Kg7 34. Qxf4
Rxf4 35. Rxa4 Nxa4 36. Rxa4 e5 37. Ra7+ Kh6 38. Re7 e4 39. Rxe4 Rxe4 40. Bxe4
Kg5 41. Kg3 Rf6 42. e3 dxe3 43. fxe3 Rd6 44. Bd5 Rf6 45. d4 cxd4 46. exd4 Rf4
47. b6 Rxg4+ 48. Kf3 Rxd4 49. b7 Rd3+ 50. Ke4 Rb3 51. c5 Rb4+ 52. Ke5 1-0

[Event "11. Villa de Coria del Rio"]
[Site "Coria del Río ESP"]
[Date "2005.02.11"]
[Round "2"]
[White "Ivanov, Jordan"]
[Black "Suarez Pozo, Juan Carlos"]
[Result "1-0"]
[WhiteElo "2354"]
[BlackElo "1842"]
[PlyCount "61"]
[EventDate "2005.02.07"]
[EventType "swiss"]
[EventRounds "9"]
[EventCountry "ESP"]
[Source "lmi"]
[SourceDate "2005.02.18"]

1. Nf3 Nf6 2. c4 e6 3. Nc3 b6 4. e4 Bb7 5. Bd3 d6 6. Bc2 Nbd7 7. d4 e5 8. d5 c6
9. O-O a6 10. Be3 Be7 11. Nd2 h6 12. b4 b5 13. a4 cxd5 14. cxd5 Qc7 15. Ra3
bxa4 16. Nxa4 O-O 17. Rc3 Qb8 18. Nc4 Bd8 19. h3 Bc8 20. Qd2 Kh7 21. Rb1 Bb7
22. Na5 Bxa5 23. bxa5 Rc8 24. Rcb3 Rc7 25. Bd3 Ne8 26. Qb2 Nc5 27. Nxc5 dxc5
28. Rxb7 Rxb7 29. Qxb7 Qd8 30. Bxc5 f6 31. Bb6 1-0

[Event "11. Villa de Coria del Rio"]
[Site "Coria del Río ESP"]
[Date "2005.02.11"]
[Round "2"]
[White "Tscharotschkin, Michael"]
[Black "Jimenez Garcia, Jose M"]
[Result "1-0"]
[WhiteElo "2202"]
[BlackElo "1350"]
[PlyCount "27"]
[EventDate "2005.02.07"]
[EventType "swiss"]
[EventRounds "9"]
[EventCountry "ESP"]
[Source "lmi"]
[SourceDate "2005.02.18"]

1. e4 Na6 2. Nf3 Nf6 3. e5 Nd5 4. d4 d6 5. Bc4 Ndb4 6. Ng5 Bg4 7. Bxf7+ Kd7 8.
Qxg4+ Kc6 9. d5+ Nxd5 10. Bxd5+ Kxd5 11. Qe4+ Kc5 12. Be3+ Kb5 13. Nc3+ Ka5 14.
Qa4# 1-0

[Event "11. Villa de Coria del Rio"]
[Site "Coria del Río ESP"]
[Date "2005.02.12"]
[Round "3"]
[White "Korneev, Oleg"]
[Black "Razmyslov, Alexander"]
[Result "1-0"]
[WhiteElo "2602"]
[BlackElo "2307"]
[PlyCount "77"]
[EventDate "2005.02.07"]
[EventType "swiss"]
[EventRounds "9"]
[EventCountry "ESP"]
[Source "lmi"]
[SourceDate "2005.02.18"]

1. e4 e5 2. Nf3 Nf6 3. d4 Nxe4 4. Bd3 d5 5. Nxe5 Nd7 6. Nc3 Nxe5 7. dxe5 Bb4 8.
O-O Nc5 9. Nxd5 Nxd3 10. Qxd3 Be7 11. Rd1 c6 12. Nxe7 Qxd3 13. Rxd3 Kxe7 14.
Bg5+ Ke6 15. g4 h5 16. h3 hxg4 17. hxg4 f6 18. exf6 gxf6 19. Re1+ Kf7 20. Rf3
f5 21. gxf5 Rh5 22. Rg3 Bxf5 23. Re7+ Kg6 24. Bh4+ Kh6 25. Bf6 Rh3 26. Rxh3+
Bxh3 27. Rxb7 Rg8+ 28. Kh2 Bf1 29. Bd4 a5 30. Ra7 Rg2+ 31. Kh1 Rg4 32. Be3+ Kg6
33. Rxa5 Bc4 34. Kh2 Bd5 35. b3 Rg2+ 36. Kh3 Rg1 37. c4 Be6+ 38. Kh2 Ra1 39.
Rg5+ 1-0

[Event "11. Villa de Coria del Rio"]
[Site "Coria del Río ESP"]
[Date "2005.02.12"]
[Round "3"]
[White "Tscharotschkin, Michael"]
[Black "Cheparinov, Ivan"]
[Result "0-1"]
[WhiteElo "2202"]
[BlackElo "2572"]
[PlyCount "86"]
[EventDate "2005.02.07"]
[EventType "swiss"]
[EventRounds "9"]
[EventCountry "ESP"]
[Source "lmi"]
[SourceDate "2005.02.18"]

1. e4 c5 2. c3 d5 3. exd5 Qxd5 4. d4 Nc6 5. Nf3 Bg4 6. Be2 cxd4 7. cxd4 e6 8.
h3 Bh5 9. Nc3 Bb4 10. O-O Qa5 11. a3 Bxc3 12. bxc3 Nge7 13. Rb1 Qc7 14. Qb3 b6
15. Bb2 O-O 16. Qb5 Nd5 17. g3 a6 18. Qa4 b5 19. Qd1 Na5 20. Rc1 Nc4 21. Bxc4
Bxf3 22. Qxf3 Qxc4 23. Rfe1 Rac8 24. Qe2 Rc6 25. Qxc4 Rxc4 26. Red1 Rfc8 27.
Rd3 Kf8 28. Kf1 Ra4 29. Ke2 Nb6 30. Ra1 Ke7 31. Kd2 Kd6 32. Kc2 Rac4 33. Re1
Nd5 34. Kd2 R8c7 35. Rc1 Kc6 36. Kc2 Kb6 37. Kb3 a5 38. Rf3 b4 39. axb4 axb4
40. Rd3 Kb5 41. f4 f5 42. Rf3 R7c6 43. Rd3 Kb6 0-1

[Event "11. Villa de Coria del Rio"]
[Site "Coria del Río ESP"]
[Date "2005.02.12"]
[Round "3"]
[White "Campora, Daniel H"]
[Black "Morillo-Velarde Gallego, Antonio"]
[Result "1-0"]
[WhiteElo "2529"]
[BlackElo "2109"]
[PlyCount "97"]
[EventDate "2005.02.07"]
[EventType "swiss"]
[EventRounds "9"]
[EventCountry "ESP"]
[Source "lmi"]
[SourceDate "2005.02.18"]

1. e4 e6 2. d4 d5 3. Nc3 Bb4 4. Qg4 g6 5. Bg5 f6 6. Bd2 e5 7. Qe2 dxe4 8. dxe5
f5 9. Nxe4 Qe7 10. Nc3 Nc6 11. Nf3 Be6 12. a3 Ba5 13. Qb5 O-O-O 14. Bg5 Nd4 15.
Bxe7 Nxb5 16. Bxd8 Nxc3 17. Bg5 Ne4+ 18. Bd2 Bb6 19. Be3 Bxe3 20. fxe3 Nh6 21.
Bd3 Ng4 22. O-O Bd5 23. Rfe1 Re8 24. Rad1 Nxe5 25. Bxe4 Bxe4 26. Nxe5 Rxe5 27.
Rd2 c6 28. Kf2 Kc7 29. Red1 Re7 30. c4 g5 31. Rd6 g4 32. Rf6 a6 33. b4 Rg7 34.
c5 b6 35. Rf8 Kb7 36. Rdd8 bxc5 37. bxc5 a5 38. Ra8 Rd7 39. Rfb8+ Kc7 40. Ra7+
Kxb8 41. Rxd7 h6 42. h4 gxh3 43. gxh3 h5 44. Rh7 Bc2 45. h4 Bd1 46. Kg3 Bg4 47.
Kf4 Ka8 48. Ke5 Kb8 49. Rf7 1-0

[Event "11. Villa de Coria del Rio"]
[Site "Coria del Río ESP"]
[Date "2005.02.12"]
[Round "3"]
[White "Carrabeo Garcia, Manuel"]
[Black "Matamoros Franco, Carlos S"]
[Result "1/2-1/2"]
[WhiteElo "2108"]
[BlackElo "2522"]
[PlyCount "41"]
[EventDate "2005.02.07"]
[EventType "swiss"]
[EventRounds "9"]
[EventCountry "ESP"]
[Source "lmi"]
[SourceDate "2005.02.18"]

1. e4 e6 2. d4 d5 3. exd5 exd5 4. Bd3 Nc6 5. c3 Bd6 6. Nf3 Nge7 7. O-O Bg4 8.
Re1 Qd7 9. Nbd2 O-O-O 10. b4 Rde8 11. Nb3 Ng6 12. Be3 Nh4 13. Be2 Nf5 14. Bd2
Rxe2 15. Qxe2 Nh4 16. b5 Nd8 17. Ne5 Bxe2 18. Nxd7 Bxb5 19. Ne5 f6 20. Ng4 Nf5
21. Ne3 1/2-1/2

[Event "11. Villa de Coria del Rio"]
[Site "Coria del Río ESP"]
[Date "2005.02.12"]
[Round "3"]
[White "Chacon Vera, Eliseo"]
[Black "Perez, Rodney"]
[Result "0-1"]
[WhiteElo "2067"]
[BlackElo "2430"]
[PlyCount "54"]
[EventDate "2005.02.07"]
[EventType "swiss"]
[EventRounds "9"]
[EventCountry "ESP"]
[Source "lmi"]
[SourceDate "2005.02.18"]

1. b3 c5 2. Bb2 Nc6 3. f4 d5 4. Nf3 Nf6 5. e3 Bg4 6. Bb5 Qb6 7. Bxc6+ Qxc6 8.
h3 Bxf3 9. Qxf3 e6 10. g4 O-O-O 11. c4 Be7 12. g5 Ne8 13. Nc3 h6 14. O-O-O hxg5
15. cxd5 exd5 16. fxg5 Rd7 17. h4 Nc7 18. Rdg1 Ne6 19. Rh3 Rf8 20. Qf1 d4 21.
Nb5 Kb8 22. Kb1 a6 23. Na3 dxe3 24. dxe3 Qe4+ 25. Kc1 c4 26. Nxc4 b5 27. Be5+
Ka7 0-1

[Event "11. Villa de Coria del Rio"]
[Site "Coria del Río ESP"]
[Date "2005.02.12"]
[Round "3"]
[White "Teran Alvarez, Ismael"]
[Black "Peña Dieguez, Manuel"]
[Result "1-0"]
[WhiteElo "2422"]
[BlackElo "2060"]
[PlyCount "49"]
[EventDate "2005.02.07"]
[EventType "swiss"]
[EventRounds "9"]
[EventCountry "ESP"]
[Source "lmi"]
[SourceDate "2005.02.18"]

1. e4 e5 2. Nf3 Nc6 3. Bb5 a6 4. Ba4 Nf6 5. d3 d6 6. c3 Bd7 7. O-O Be7 8. Nbd2
O-O 9. Re1 b5 10. Bc2 Bg4 11. Nf1 Qc8 12. h3 Bd7 13. d4 Rd8 14. Ne3 Bf8 15. Nd5
Ne8 16. a4 Qb7 17. Bb3 h6 18. a5 Qc8 19. Nh4 Be6 20. Be3 Ne7 21. Qf3 Bxd5 22.
exd5 g5 23. dxe5 gxh4 24. e6 f6 25. Qh5 1-0

[Event "11. Villa de Coria del Rio"]
[Site "Coria del Río ESP"]
[Date "2005.02.12"]
[Round "3"]
[White "Romero Romero, Sebastian"]
[Black "Belezky, Sasha"]
[Result "1/2-1/2"]
[WhiteElo "2049"]
[BlackElo "2399"]
[PlyCount "123"]
[EventDate "2005.02.07"]
[EventType "swiss"]
[EventRounds "9"]
[EventCountry "ESP"]
[Source "lmi"]
[SourceDate "2005.02.18"]

1. d4 Nf6 2. Nf3 b6 3. Bf4 Bb7 4. e3 g6 5. Nbd2 Bg7 6. Bd3 d6 7. h3 O-O 8. O-O
Nbd7 9. Qe2 a6 10. a4 Nd5 11. c3 Nxf4 12. exf4 Re8 13. Be4 Bxe4 14. Qxe4 e5 15.
fxe5 dxe5 16. dxe5 Nxe5 17. Qc2 Qd3 18. Qb3 Rad8 19. Rad1 Nd7 20. Nc4 Nc5 21.
Rxd3 Nxb3 22. Re1 Rxe1+ 23. Nxe1 Re8 24. Re3 Rxe3 25. fxe3 Nc5 26. a5 b5 27.
Na3 c6 28. Nac2 Nb3 29. Nb4 Nxa5 30. Nxa6 Nc4 31. Nd3 Ne5 32. Nxe5 Bxe5 33. Kf2
Bd6 34. e4 f6 35. Ke3 Kf7 36. Kd4 Ke7 37. b3 Ba3 38. Nc5 b4 39. c4 Bb2+ 40. Ke3
Kd6 41. Nd3 Bc3 42. Kf4 Bd2+ 43. Kf3 c5 44. Ke2 Bc3 45. Kf3 Bd4 46. Nf4 Ba1 47.
Nd3 Bc3 48. Ke2 Be5 49. Kf3 Bh2 50. Ke2 Kc6 51. Kf3 Bd6 52. Ke2 Kd7 53. Kf2 Ke6
54. Ke2 Bf8 55. Kf2 Be7 56. Ke2 Kf7 57. Kf3 Kg7 58. Ke2 Kh6 59. Kf2 Kg5 60. Kf3
Bf8 61. Nf2 h5 62. Nd3 1/2-1/2

[Event "11. Villa de Coria del Rio"]
[Site "Coria del Río ESP"]
[Date "2005.02.12"]
[Round "3"]
[White "Kononenko, Tatiana"]
[Black "Migens Romero, Juan Manuel"]
[Result "1-0"]
[WhiteElo "2374"]
[BlackElo "2113"]
[PlyCount "55"]
[EventDate "2005.02.07"]
[EventType "swiss"]
[EventRounds "9"]
[EventCountry "ESP"]
[Source "lmi"]
[SourceDate "2005.02.18"]

1. d4 d5 2. c4 e6 3. Nc3 c6 4. cxd5 exd5 5. Nf3 Nf6 6. Bg5 Nbd7 7. e3 Bd6 8.
Bd3 h6 9. Bh4 g5 10. Bg3 Qe7 11. Qc2 Nb6 12. Bxd6 Qxd6 13. Ne5 Ng4 14. Nf3 Nf6
15. h3 Be6 16. Ne5 Nfd7 17. f4 gxf4 18. exf4 Nxe5 19. fxe5 Qb4 20. Qf2 Na4 21.
Rb1 Nxc3 22. bxc3 Qxc3+ 23. Ke2 O-O-O 24. Rb3 Qa5 25. Rhb1 Rd7 26. Kf1 Rg8 27.
Qb2 Qc7 28. Ba6 1-0

[Event "11. Villa de Coria del Rio"]
[Site "Coria del Río ESP"]
[Date "2005.02.12"]
[Round "3"]
[White "Barrero Garcia, Carlos"]
[Black "Barragan Fuentes, Luis"]
[Result "1/2-1/2"]
[WhiteElo "2292"]
[BlackElo "1836"]
[PlyCount "98"]
[EventDate "2005.02.07"]
[EventType "swiss"]
[EventRounds "9"]
[EventCountry "ESP"]
[Source "lmi"]
[SourceDate "2005.02.18"]

1. e4 Nf6 2. Nc3 e5 3. f4 exf4 4. d4 Bb4 5. e5 Ne4 6. Qf3 Qh4+ 7. Ke2 d5 8.
Qxf4 Bg4+ 9. Nf3 Qf2+ 10. Kd3 c5 11. Nxd5 Bxf3 12. Nc7+ Kd8 13. gxf3 c4+ 14.
Kxe4 Qxc2+ 15. Kd5 Kxc7 16. Qxf7+ Kb6 17. Be3 Nc6 18. Bh3 Rad8+ 19. Bd7 Rxd7+
20. Qxd7 Rd8 21. Qxd8+ Nxd8 22. Rac1 Qg6 23. Kxc4 Ka5 24. d5 Nf7 25. Kd4 Qf5
26. f4 b6 27. Rc7 Bc5+ 28. Kc3 Bxe3 29. Rxa7+ Kb5 30. Rd1 Qc8+ 31. Kd3 Bxf4 32.
a4+ Kb4 33. Ke4 Qc2+ 34. Kxf4 Qxd1 35. e6 Qf1+ 36. Ke4 Ng5+ 37. Ke5 Qf6+ 38.
Kd6 Ne4+ 39. Kc6 Qd8 40. Rd7 Qa8+ 41. Kxb6 Qa5+ 42. Kb7 Nc5+ 43. Kc8 Qa8+ 44.
Kc7 Qb7+ 45. Kd6 Nxd7 46. exd7 Qb6+ 47. Ke7 Qf6+ 48. Ke8 Qg6+ 49. Ke7 Qf6+
1/2-1/2

[Event "11. Villa de Coria del Rio"]
[Site "Coria del Río ESP"]
[Date "2005.02.13"]
[Round "4"]
[White "Perez, Rodney"]
[Black "Korneev, Oleg"]
[Result "1/2-1/2"]
[WhiteElo "2430"]
[BlackElo "2602"]
[PlyCount "70"]
[EventDate "2005.02.07"]
[EventType "swiss"]
[EventRounds "9"]
[EventCountry "ESP"]
[Source "lmi"]
[SourceDate "2005.02.18"]

1. e4 c5 2. Nf3 d6 3. d4 cxd4 4. Nxd4 Nf6 5. Nc3 a6 6. Be3 e5 7. Nb3 Be6 8. f3
Be7 9. Qd2 O-O 10. O-O-O Qc7 11. Kb1 Nbd7 12. g4 Rfc8 13. Qf2 b5 14. g5 Nh5 15.
h4 b4 16. Nd5 Bxd5 17. Rxd5 a5 18. Bh3 a4 19. Nc1 Rcb8 20. Bg4 g6 21. Rhd1 Nb6
22. Bxb6 Rxb6 23. Bxh5 gxh5 24. b3 Rc6 25. Nd3 axb3 26. cxb3 Rc8 27. Qe1 Rc3
28. Rc1 Qa7 29. Rxc3 bxc3 30. a4 c2+ 31. Kb2 Bd8 32. a5 Qa6 33. Nc1 Ra8 34. b4
Rc8 35. Qe2 Qa7 1/2-1/2

[Event "11. Villa de Coria del Rio"]
[Site "Coria del Río ESP"]
[Date "2005.02.13"]
[Round "4"]
[White "Cheparinov, Ivan"]
[Black "Komljenovic, Davor"]
[Result "1-0"]
[WhiteElo "2572"]
[BlackElo "2492"]
[PlyCount "80"]
[EventDate "2005.02.07"]
[EventType "swiss"]
[EventRounds "9"]
[EventCountry "ESP"]
[Source "lmi"]
[SourceDate "2005.02.18"]

1. e4 c5 2. Nf3 e6 3. d4 cxd4 4. Nxd4 a6 5. Bd3 Ne7 6. O-O Nbc6 7. Nxc6 Nxc6 8.
Nc3 b5 9. Re1 Ne5 10. Be3 Bb7 11. f4 Nxd3 12. Qxd3 Rc8 13. Rad1 Bb4 14. Bd4 f6
15. a3 Be7 16. Qe3 Qc7 17. Kh1 O-O 18. Rd2 b4 19. axb4 Bxb4 20. Qg3 d6 21. Rd3
a5 22. Qh4 e5 23. Bf2 f5 24. fxe5 Bxe4 25. Rh3 h6 26. Rg3 Kh8 27. e6 Bc5 28.
Bxc5 Qxc5 29. e7 Rfe8 30. Nxe4 Qe5 31. Rge3 fxe4 32. Rxe4 Qxb2 33. h3 Qxc2 34.
Rf1 d5 35. Re6 a4 36. Qg3 d4 37. Qe5 Qd2 38. Rg6 Rg8 39. Rf8 Qc1+ 40. Kh2 Qe3
1-0